Statistics for Impossible Back to the Future Quiz

Click here to take the quiz!

General Stats

  • This quiz has been taken 75 times
  • The average score is 4 of 15

Answer Stats

HintAnswer% Correct
How many columns hold up the courthouse facade?4
85%
At the dance, George’s hair is parted at the viewer’s left or right?Right
84%
Do the wheel trims of the (flying) Delorean face the ground or the sky?Ground
73%
What date in October does Marty travel to in 2015?21
61%
What brand is Marty’s video camera?JVC
31%
What time does Einstein’s stopwatch read after his successful travel into the future?1:20
24%
What vehicle pattern is shown on Doc’s shirt in the initial 2015 scenes?Train
15%
What is written on the ground as Marty is ‘attacked’ by the shark?No Landing
8%
What is the object directly above Marty’s head in Doc’s home when he tells him ‘next Saturday night we’re sending you back to the future’?Light
6%
Complete the name of this location as indicated on the model train set in BTTF3. Carson...Spur
5%
How many spokes protrude from Doc’s mind reading device (when Marty ‘first’ meets him)?Eight
3%
What is the name of the 50s diner next to the Town cinema?Holtz
2%
What is written on the underside of the hoverboard used by Griff’s henchman (the one with a circuit board on his face)No Tech
2%
Which poetry book does Lorraine hold in school when Marty introduces his father to her?Rubaiyat
2%
Name the jewellery shop in the background when Biff harrasses Lorraine in the street after she has bought her prom dress.Zales
2%

Score Distribution

Percentile by Number Answered

Percent of People with Each Score

Your Score History

You have not taken this quiz